ऊर्जा संरक्षण तथा उत्पादन / (Record no. 19290)

MARC details
000 -LEADER
fixed length control field 01336nam a22002777a 4500
005 - DATE AND TIME OF LATEST TRANSACTION
control field 20081128163624.0
008 - FIXED-LENGTH DATA ELEMENTS--GENERAL INFORMATION
fixed length control field 081128t xxu||||| |||| 00| 0 hin d
010 ## - LCCN (DPL NO)
LC control number HIN-85275
020 ## - INTERNATIONAL STANDARD BOOK NUMBER
International Standard Book Number 9788186624333
Terms of availability 200.00
035 ## - SYSTEM CONTROL NUMBER
System control number HN-57621
037 ## - SOURCE OF ACQUISITION
Source of stock number/acquisition DBAD / PUB
040 ## - CATALOGING SOURCE
Original cataloging agency DPL
Language of cataloging HN
082 ## - DEWEY DECIMAL CLASSIFICATION NUMBER
Classification number 333.79
100 ## - MAIN ENTRY--PERSONAL NAME
Personal name बंदूनी, शशिबाला
245 ## - TITLE STATEMENT
Title ऊर्जा संरक्षण तथा उत्पादन /
Statement of responsibility, etc शशिबाला बंदूनी
246 ## - VARYING FORM OF TITLE
Title proper/short title Urjaa sanrakshana tatha utpaadana
Remainder of title by Shashibala Banduni
260 ## - PUBLICATION, DISTRIBUTION, ETC. (IMPRINT)
Place of publication, distribution, etc दिल्ली
Name of publisher, distributor, etc पूर्वांचल प्रकाशन
Date of publication, distribution, etc 2008
270 ## - ADDRESS
Address 1180, ए-ब्लाक, पार्ट-2, सोनिया विहार
City दिल्ली
Postal code 110 094
Telephone number 22967983
300 ## - PHYSICAL DESCRIPTION
Extent 120पृ.
Dimensions 21सेी(सजिल्द)
650 ## - SUBJECT ADDED ENTRY--TOPICAL TERM
Topical term or geographic name as entry element ऊर्जा संरक्षण
Geographic subdivision भारत
650 ## - SUBJECT ADDED ENTRY--TOPICAL TERM
Topical term or geographic name as entry element Energy conservation
Geographic subdivision India
650 ## - SUBJECT ADDED ENTRY--TOPICAL TERM
Topical term or geographic name as entry element ऊर्जा उद्योग
Geographic subdivision भारत
650 ## - SUBJECT ADDED ENTRY--TOPICAL TERM
Topical term or geographic name as entry element Energy industry
Geographic subdivision India
942 ## - ADDED ENTRY ELEMENTS (KOHA)
Source of classification or shelving scheme Dewey Decimal Classification
Item type Hindi Books
Classification part 333.79
Call number suffix बंदूनी
Holdings
Withdrawn status Lost status Source of classification or shelving scheme Damaged status Not for loan Home library Current library Date acquired Source of acquisition Cost, normal purchase price Total Checkouts Full call number Barcode Date last seen Copy number Cost, replacement price Koha item type
    Dewey Decimal Classification   Not For Loan D.B.Act.Division D.B.Act.Division 16/12/2008 DBAD / PUB 200.00   333.79 बंदूनी HN-57621 28/11/2008 1 200.00 Hindi Books

© Delhi Public Library
Hit Counter
free hit counter